00804cam a2200181 a 450000100100000000500170001000800410002704000250006824501020009326001370019530000210033270000300035371000460038373000370042991000280046695201110049499900170060500001413620200929163505.0900517s1988 uy b 000 0 spa  aDO-SdBNPbspacBNPHU00aBatlle y El dia, 1886-1903 /cFundacion Prudencio Vazquez y Vega ; Luis V. Anastasi... [et. al.]. aMontevideo :bFundacion Prudencio Vazquez y Vega ;aMunich, Baviera, Republica Federal de Alemania :bFundacion Hanns Seidel,c1988. a252 p. ;c26 cm.1 aAnastasia, Luis V.9193542 aFundacion Prudencio Vazquez y Vega.980090 aDia (Montevideo, Uruguay)931972 aCatalogación derivada 001052708MOaGRbGRcCTd2009-12-04iLF1l0o p14136-10r2020-06-25w2020-06-25y2ZPréstamo interno c13738d13738